[Event "8th EUR-ch"]
[Site "Dresden GER"]
[Date "2007.04.09"]
[Round "7.141"]
[White "Paehtz, Thomas jr"]
[Black "Pirrot, Dieter"]
[Result "1-0"]
[WhiteElo "2318"]
[BlackElo "2420"]
[EventDate "2007.04.03"]
[PlyCount "95"]

1.e4 e5 2.Nf3 d6 3.d4 exd4 4.Nxd4 Nf6 5.Nc3 Be7 6.g3 d5 7.e5 Ng4 8.Bg2 c6 
9.f4 c5 10.Ndb5 a6 11.Nd6+ Bxd6 12.exd6 d4 13.Qe2+ Kf8 14.Ne4 Nc6 15.f5 h5
16.O-O Nge5 17.Bf4 c4 18.Nd2 d3 19.Qe3 Ng4 20.Qc5 Qa5 21.Qxa5 Nxa5 22.cxd3
c3 23.bxc3 Bxf5 24.Rfe1 f6 25.h4 Rc8 26.c4 Kf7 27.Re7+ Kg6 28.d7 Rcf8 29.
Bc7 Nc6 30.Bxc6 bxc6 31.d4 Rd8 32.Bxd8 Rxd8 33.c5 Bxd7 34.Nc4 Nh6 35.Nd6 
Bg4 36.Kf2 Rb8 37.Rb7 Rxb7 38.Nxb7 Nf5 39.Rb1 Nxd4 40.Rb6 Kf5 41.Rxa6 Ke4 
42.Rb6 Be6 43.a4 Bd5 44.a5 Nb5 45.Nd8 g5 46.a6 Kd4 47.Rxb5 cxb5 48.c6 1-0

[Event "8th EUR-ch"]
[Site "Dresden GER"]
[Date "2007.04.09"]
[Round "7.142"]
[White "Becker, Michael"]
[Black "Ris, Robert"]
[Result "1/2-1/2"]
[WhiteElo "2313"]
[BlackElo "2411"]
[EventDate "2007.04.03"]
[PlyCount "22"]

1.c4 Nf6 2.Nc3 e6 3.e4 d5 4.e5 d4 5.exf6 dxc3 6.fxg7 cxd2+ 7.Qxd2 Qxd2+ 8.
Bxd2 Bxg7 9.O-O-O b6 10.Be2 Bb7 11.Bf3 Bxf3 1/2-1/2

[Event "8th EUR-ch"]
[Site "Dresden GER"]
[Date "2007.04.09"]
[Round "7.143"]
[White "Peterson, Eric"]
[Black "Georgiadis, Ioannis"]
[Result "0-1"]
[WhiteElo "2302"]
[BlackElo "2413"]
[EventDate "2007.04.03"]
[PlyCount "86"]

1.e4 c5 2.d4 cxd4 3.c3 Nf6 4.e5 Nd5 5.Qxd4 e6 6.Nf3 Nc6 7.Qe4 f5 8.Qe2 Qc7
9.g3 d6 10.exd6 Bxd6 11.Bg2 O-O 12.O-O Nf6 13.Nbd2 e5 14.Nc4 e4 15.Nxd6 
Qxd6 16.Ng5 h6 17.Nh3 Be6 18.f3 Rad8 19.Nf4 Bf7 20.fxe4 fxe4 21.Be3 Qe7 
22.b4 Rfe8 23.Qc2 Bc4 24.Rfe1 g5 25.Ne2 Bd3 26.Qb3+ Qf7 27.Qxf7+ Kxf7 28.
Nd4 Ne5 29.Bf1 Nc4 30.Bf2 Nd5 31.Rac1 Kg6 32.g4 Nf4 33.Bg3 Bxf1 34.Bxf4 
Bh3 35.Bg3 Bxg4 36.Rb1 h5 37.h4 e3 38.b5 Nd2 39.Rb4 gxh4 40.Bf4 Rxd4 41.
Rxd4 Nf3+ 42.Kf1 Nxd4 43.cxd4 Rf8 0-1

[Event "8th EUR-ch"]
[Site "Dresden GER"]
[Date "2007.04.09"]
[Round "7.144"]
[White "Giemsa, Stephan"]
[Black "Wippermann, Till"]
[Result "1/2-1/2"]
[WhiteElo "2286"]
[BlackElo "2410"]
[EventDate "2007.04.03"]
[PlyCount "73"]

1.d4 Nf6 2.c4 e6 3.Nf3 d5 4.g3 dxc4 5.Bg2 Nc6 6.Qa4 Bb4+ 7.Bd2 Bd6 8.O-O 
O-O 9.Qxc4 e5 10.dxe5 Nxe5 11.Nxe5 Bxe5 12.Bc3 Qe7 13.Bxe5 Qxe5 14.Nc3 c6 
15.Rfd1 Be6 16.Qb4 Rab8 17.Rd3 a5 18.Qb6 Nd7 19.Qd4 Qxd4 20.Rxd4 Rfd8 21.
Rad1 Kf8 22.f4 Ke7 23.e4 f6 24.Kf2 Nc5 25.Ke3 Rxd4 26.Rxd4 b5 27.e5 b4 28.
Ne4 Nxe4 29.Bxe4 fxe5 30.fxe5 Bxa2 31.Bxc6 Be6 32.Rd6 b3 33.Be4 Rb5 34.Kd4
Rb4+ 35.Ke3 Rb5 36.Kd4 Rb4+ 37.Ke3 1/2-1/2

[Event "8th EUR-ch"]
[Site "Dresden GER"]
[Date "2007.04.09"]
[Round "7.146"]
[White "Kuba, Guenter"]
[Black "Nagel, Bernhard"]
[Result "1-0"]
[WhiteElo "2403"]
[BlackElo "2257"]
[EventDate "2007.04.03"]
[PlyCount "111"]

1.e4 e6 2.d4 d5 3.Nd2 c5 4.exd5 Qxd5 5.Ngf3 cxd4 6.Bc4 Qd6 7.O-O Nf6 8.Nb3
Nc6 9.Nbxd4 Nxd4 10.Nxd4 a6 11.Bb3 Qc7 12.Qf3 Bd6 13.h3 O-O 14.Bg5 Nd7 15.
c3 Nc5 16.Bc2 b5 17.Rfe1 Bb7 18.Qh5 g6 19.Qh4 Rfe8 20.Re3 Be7 21.Rae1 Bxg5
22.Qxg5 Qe7 23.Qf4 Red8 24.b4 Nd7 25.Bb3 e5 26.Rxe5 Nxe5 27.Rxe5 Qf8 28.
Nf5 Rd7 29.Qg5 Re8 30.Nh6+ Kg7 31.Nf5+ Kg8 32.Nh6+ Kg7 33.Ng4 f6 34.Nxf6 
Qxf6 35.Qxf6+ Kxf6 36.Rxe8 Bd5 37.Bxd5 Rxd5 38.Rc8 Rd1+ 39.Kh2 Rd6 40.c4 
bxc4 41.Rxc4 Ke5 42.a4 Rd2 43.Rc6 Rb2 44.Rxa6 Rxb4 45.g3 Rb3 46.h4 Rb2 47.
Kg2 Ke4 48.h5 Kf5 49.hxg6 hxg6 50.g4+ Kg5 51.Kg3 Rb3+ 52.f3 Ra3 53.Ra5+ 
Kf6 54.Kf4 g5+ 55.Ke4 Rc3 56.Rf5+ 1-0

[Event "8th EUR-ch"]
[Site "Dresden GER"]
[Date "2007.04.09"]
[Round "7.147"]
[White "Vaznonis, Vytautas"]
[Black "Butnorius, Algimantas"]
[Result "1-0"]
[WhiteElo "2282"]
[BlackElo "2402"]
[EventDate "2007.04.03"]
[PlyCount "85"]

1.d4 Nf6 2.c4 e6 3.Nc3 Bb4 4.Qc2 O-O 5.e4 d5 6.e5 Ne4 7.a3 Bxc3+ 8.bxc3 c5
9.Bb2 cxd4 10.cxd4 Qa5+ 11.Ke2 f6 12.f3 Ng5 13.h4 Nf7 14.exf6 gxf6 15.Kf2 
Qc7 16.Bd3 Nd6 17.c5 Ne8 18.Rc1 Nc6 19.Ne2 Rb8 20.Bc3 e5 21.Bd2 Be6 22.h5 
Qd7 23.Rh4 Rf7 24.h6 Nc7 25.Bc3 Qe7 26.Rh5 Rbf8 27.Rb1 Bc8 28.Re1 f5 29.
dxe5 Qxc5+ 30.Bd4 Qxc2 31.Bxc2 Ne6 32.Bb2 b6 33.Rd1 Ba6 34.Ng3 Ne7 35.a4 
Rc8 36.Rd2 f4 37.Nf5 Nxf5 38.Bxf5 Re8 39.Rxd5 Nc7 40.Rg5+ Kf8 41.e6 Rfe7 
42.Be5 Nxe6 43.Bd6 1-0

[Event "8th EUR-ch"]
[Site "Dresden GER"]
[Date "2007.04.09"]
[Round "7.148"]
[White "Huschenbeth, Niclas"]
[Black "Erdogdu, Mert"]
[Result "0-1"]
[WhiteElo "2279"]
[BlackElo "2401"]
[EventDate "2007.04.03"]
[PlyCount "56"]

1.e4 e5 2.Nf3 Nc6 3.Bb5 a6 4.Ba4 Nf6 5.d3 d6 6.c3 g6 7.O-O Bg7 8.Nbd2 O-O 
9.Re1 Bd7 10.Nf1 Nh5 11.Ne3 Nf4 12.d4 exd4 13.cxd4 Nb4 14.Bc2 Nxc2 15.Nxc2
Ne6 16.Be3 Re8 17.d5 Nc5 18.e5 Bg4 19.Bxc5 dxc5 20.Ne3 Bxf3 21.Qxf3 Bxe5 
22.Nc4 Bxh2+ 23.Kf1 Qh4 24.b3 Bd6 25.g3 Qg5 26.Re4 Rxe4 27.Qxe4 Qf6 28.Re1
Bxg3 0-1

[Event "8th EUR-ch"]
[Site "Dresden GER"]
[Date "2007.04.09"]
[Round "7.149"]
[White "Lubbe, Nicolas"]
[Black "Rocha, Sergio"]
[Result "0-1"]
[WhiteElo "2254"]
[BlackElo "2400"]
[EventDate "2007.04.03"]
[PlyCount "154"]

1.e4 c5 2.d3 Nc6 3.g3 d6 4.Bg2 Nf6 5.f4 e6 6.Nf3 Qc7 7.O-O a6 8.c3 c4 9.
Kh1 cxd3 10.Qxd3 b5 11.Be3 Bb7 12.Nbd2 Be7 13.a4 bxa4 14.Rxa4 O-O 15.Nc4 
d5 16.exd5 Nxd5 17.f5 Nxe3 18.Nxe3 Rad8 19.Qc2 exf5 20.Nxf5 Bf6 21.Rg4 Ne5
22.Nxe5 Bxg2+ 23.Qxg2 Bxe5 24.Qf3 g6 25.Nh6+ Kg7 26.Qe3 f6 27.Nf5+ Kh8 28.
Nh4 Qg7 29.Nf3 Bb8 30.Re4 f5 31.Re7 Rf7 32.Rxf7 Qxf7 33.Qb6 Qd5 34.Qd4+ 
Kg8 35.Qxd5+ Rxd5 36.Ra1 a5 37.Re1 Kf8 38.c4 Rd3 39.Kg2 Bd6 40.Re2 a4 41.
Ng5 Be7 42.Nxh7+ Ke8 43.Nf6+ Kf7 44.Nd5 Bc5 45.Nf4 Rb3 46.Nd5 Bd4 47.c5 
Bxc5 48.Rd2 g5 49.g4 fxg4 50.Rc2 Bd6 51.Nc3 Rb4 52.Nd5 Rd4 53.Ne3 Be5 54.
Nc4 Bf4 55.Na3 Rb4 56.Nb1 Be5 57.Nc3 Rc4 58.Rd2 a3 59.bxa3 Rxc3 60.Ra2 Bc7
61.a4 Ba5 62.Rb2 Ra3 63.Rb5 Bd8 64.Rb4 Kg6 65.Rxg4 Kh5 66.Rc4 Be7 67.Rd4 
Bc5 68.Rd2 Rxa4 69.Rd8 Ra2+ 70.Kh3 Ra3+ 71.Kg2 Be7 72.Rd7 Bf6 73.Rd5 Kg4 
74.Rd2 Be5 75.Re2 Bf4 76.Rf2 Rh3 77.Kh1 Rxh2+ 0-1

[Event "8th EUR-ch"]
[Site "Dresden GER"]
[Date "2007.04.09"]
[Round "7.151"]
[White "Degtiarev, Evgeny"]
[Black "Kalvaitis, Sigitas"]
[Result "1-0"]
[WhiteElo "2391"]
[BlackElo "2216"]
[EventDate "2007.04.03"]
[PlyCount "109"]

1.d4 e6 2.c4 Nf6 3.Nf3 d5 4.Nc3 Be7 5.cxd5 exd5 6.Bf4 O-O 7.e3 Re8 8.Qc2 
c6 9.Bd3 Nbd7 10.h3 Nf8 11.g4 Ng6 12.Bh2 Bd6 13.O-O-O Bxh2 14.Nxh2 b5 15.
Nf1 a5 16.Ng3 Nf8 17.g5 N6d7 18.h4 Nb6 19.Rdg1 a4 20.h5 b4 21.Nd1 b3 22.
axb3 axb3 23.Qxb3 Ba6 24.g6 fxg6 25.hxg6 h6 26.Nf5 Ne6 27.Bb1 c5 28.Nxh6+ 
gxh6 29.g7 cxd4 30.Rxh6 Qc7+ 31.Nc3 dxc3 32.bxc3 Qe5 33.Bh7+ Kf7 34.Bg6+ 
Kxg7 35.Rh7+ Kg8 36.Bf5+ Ng7 37.Rgxg7+ Qxg7 38.Rxg7+ Kxg7 39.Qxb6 Bc4 40.
Qg6+ Kf8 41.Qf6+ Kg8 42.Be6+ Kh7 43.Qf7+ Kh6 44.Qf4+ Kh7 45.Bf5+ Kg7 46.
Qg5+ Kf8 47.Qh6+ Ke7 48.Qg7+ Kd6 49.Qd7+ Ke5 50.Bc2 Kf6 51.Qc6+ Ke7 52.e4 
Red8 53.e5 Ra1+ 54.Kd2 Ra2 55.Qf6+ 1-0

[Event "8th EUR-ch"]
[Site "Dresden GER"]
[Date "2007.04.09"]
[Round "7.152"]
[White "Schmidt, Raul"]
[Black "Strohhaeker, Raoul"]
[Result "0-1"]
[WhiteElo "2081"]
[BlackElo "2391"]
[EventDate "2007.04.03"]
[PlyCount "134"]

1.e4 c5 2.Nf3 e6 3.c3 Nf6 4.e5 Nd5 5.d4 cxd4 6.cxd4 b6 7.Nc3 Nxc3 8.bxc3 
Qc7 9.Bd2 d6 10.Bd3 Bb7 11.O-O Nd7 12.Ng5 dxe5 13.Qh5 g6 14.Qh3 Be7 15.
Rae1 Bd5 16.f4 exd4 17.cxd4 Qc6 18.f5 gxf5 19.Rc1 Qa4 20.Rf2 Nf6 21.Qh6 
Rg8 22.Rc7 Qxd4 23.Bb5+ Kd8 24.Bf4 Qxf2+ 25.Kxf2 Ng4+ 26.Ke1 Nxh6 27.Rd7+ 
Ke8 28.Rxd5+ Kf8 29.Nxe6+ fxe6 30.Bxh6+ Kf7 31.Rd7 Rxg2 32.h4 Rag8 33.Bg5 
R8xg5 34.hxg5 Rxa2 35.Kf1 Rb2 36.Bc4 b5 37.Rb7 bxc4 38.Rxb2 Bxg5 39.Rc2 
Be3 40.Rxc4 e5 41.Ke2 Bd4 42.Rc6 e4 43.Rd6 Bb6 44.Rc6 Kg7 45.Kf1 h5 46.Kg2
f4 47.Re6 f3+ 48.Kh3 e3 49.Kg3 Kf7 50.Re4 f2 51.Kg2 Kf6 52.Kf1 Kf5 53.Rc4 
Kg5 54.Rc8 h4 55.Ke2 Kg4 56.Rg8+ Kh3 57.Rg6 Bc7 58.Kf1 Bg3 59.Re6 Bf4 60.
Ra6 Kg3 61.Rxa7 e2+ 62.Kxe2 Kg2 63.Ra1 Bg3 64.Ke3 f1=Q 65.Rxf1 Kxf1 66.Kf3
Kg1 67.Kg4 Kg2 0-1

[Event "8th EUR-ch"]
[Site "Dresden GER"]
[Date "2007.04.09"]
[Round "7.154"]
[White "Graf, Felix"]
[Black "Zysk, Robert"]
[Result "0-1"]
[WhiteElo "2262"]
[BlackElo "2483"]
[EventDate "2007.04.03"]
[PlyCount "88"]

1.d4 f5 2.g3 Nf6 3.Bg2 g6 4.Nf3 Bg7 5.b4 c6 6.c4 d6 7.Bb2 Na6 8.Qb3 Qb6 9.
O-O Qxb4 10.Nc3 O-O 11.Qxb4 Nxb4 12.a3 Na6 13.Rfe1 Bd7 14.e4 fxe4 15.Nxe4 
Rae8 16.Neg5 Nc7 17.h4 h6 18.Nh3 Ng4 19.Nf4 Bf5 20.Bh3 Kh7 21.Bxg4 Bxg4 
22.Nd2 g5 23.hxg5 hxg5 24.Ng2 c5 25.Ne3 Bd7 26.Nb3 Ba4 27.Nd2 Bc6 28.Nb3 
Bf3 29.Ra2 b6 30.d5 e6 31.Bxg7 Kxg7 32.Nd2 exd5 33.Nxf3 Rxf3 34.cxd5 Kg6 
35.Kg2 Rff8 36.Rd1 Re4 37.Rc2 b5 38.Rc3 a5 39.f3 Ra4 40.g4 b4 41.axb4 axb4
42.Rb3 Nb5 43.Nf5 Ra2+ 44.Kg1 Re8 0-1

[Event "8th EUR-ch"]
[Site "Dresden GER"]
[Date "2007.04.09"]
[Round "7.155"]
[White "Yaksin, Oleg"]
[Black "Fernandes, Antonio"]
[Result "1-0"]
[WhiteElo "2258"]
[BlackElo "2448"]
[EventDate "2007.04.03"]
[PlyCount "101"]

1.d4 f5 2.Nf3 Nf6 3.g3 g6 4.Bg2 Bg7 5.b3 d6 6.Bb2 a5 7.a4 O-O 8.O-O Nc6 9.
Nbd2 Kh8 10.Re1 Ne4 11.Nc4 e6 12.Nfd2 Nf6 13.e3 Qd7 14.f3 b6 15.e4 fxe4 
16.fxe4 e5 17.dxe5 Ng4 18.Nf3 dxe5 19.h3 Nf6 20.Nfxe5 Nxe5 21.Bxe5 Qe7 22.
Bb2 Rd8 23.Qc1 Be6 24.Qg5 Bxc4 25.bxc4 Nd5 26.Qxe7 Nxe7 27.e5 Rab8 28.Rad1
Nf5 29.Rd3 c5 30.Bd5 Re8 31.g4 Nd4 32.Rxd4 cxd4 33.Bxd4 Re7 34.c3 Rf8 35.
Kg2 Rf4 36.Kg3 Rf8 37.h4 h6 38.e6 Bxd4 39.cxd4 g5 40.hxg5 hxg5 41.Re5 Rf1 
42.Bf3 Kg7 43.d5 Kf6 44.Rf5+ Kg6 45.Be4 Rg1+ 46.Kf3 Kh6 47.Rf6+ Kg7 48.
Rg6+ Kf8 49.d6 Rh7 50.Rf6+ Ke8 51.Bc6+ 1-0

[Event "8th EUR-ch"]
[Site "Dresden GER"]
[Date "2007.04.09"]
[Round "7.157"]
[White "Berg, Klaus"]
[Black "Schulz, Michael"]
[Result "1-0"]
[WhiteElo "2434"]
[BlackElo "2250"]
[EventDate "2007.04.03"]
[PlyCount "85"]

1.Nf3 d6 2.d4 Bg4 3.c4 Nd7 4.e4 c5 5.d5 g6 6.Be2 Bg7 7.O-O Ngf6 8.Nc3 O-O 
9.h3 Bxf3 10.Bxf3 a6 11.a4 Ne8 12.Bg5 h6 13.Be3 Rb8 14.Qd2 Kh7 15.Be2 e5 
16.dxe6 fxe6 17.f4 b6 18.Rad1 Rb7 19.Bg4 Qe7 20.g3 Ndf6 21.Bf3 Rd7 22.g4 
Rf7 23.Qc2 d5 24.e5 d4 25.exf6 Bxf6 26.g5 hxg5 27.Bc6 Rc7 28.fxg5 Bg7 29.
Rxf7 Qxf7 30.Bxe8 Qxe8 31.Bf4 Rf7 32.Ne2 e5 33.Bc1 e4 34.Nf4 d3 35.Qg2 
Bd4+ 36.Kh1 Qxa4 37.Re1 Re7 38.Nd5 Re6 39.Qg4 Re8 40.Rf1 e3 41.Bxe3 Rxe3 
42.Nxe3 Bxe3 43.Rf7+ 1-0

[Event "8th EUR-ch"]
[Site "Dresden GER"]
[Date "2007.04.09"]
[Round "7.158"]
[White "Startsev, Vladimir"]
[Black "Manca, Federico"]
[Result "1/2-1/2"]
[WhiteElo "2248"]
[BlackElo "2424"]
[EventDate "2007.04.03"]
[PlyCount "81"]

1.d4 Nf6 2.Nf3 g6 3.Bg5 Bg7 4.Nbd2 c5 5.Bxf6 Bxf6 6.Ne4 Bxd4 7.Nxd4 cxd4 
8.Qxd4 O-O 9.c4 Nc6 10.Qd2 d6 11.Nc3 Be6 12.e4 Qb6 13.Nd5 Bxd5 14.exd5 Ne5
15.Be2 Rfc8 16.b3 a5 17.O-O a4 18.Rab1 axb3 19.Rxb3 Qc5 20.Rh3 Ra3 21.Rh4 
h5 22.Qg5 Rxa2 23.Bxh5 Qb6 24.Bg4 Nxg4 25.Qxg4 Rca8 26.Qh3 Qb2 27.Re4 Ra1 
28.Ree1 Rxe1 29.Rxe1 Ra3 30.g3 Ra2 31.Rf1 Ra1 32.Qg4 Rxf1+ 33.Kxf1 b5 34.
cxb5 Qxb5+ 35.Qe2 Qxd5 36.Qxe7 Qd1+ 37.Kg2 d5 38.h4 d4 39.h5 gxh5 40.Qg5+ 
Kh7 41.Qf5+ 1/2-1/2

[Event "8th EUR-ch"]
[Site "Dresden GER"]
[Date "2007.04.09"]
[Round "7.159"]
[White "Brener, Ilja"]
[Black "Bente, Bjoern"]
[Result "1-0"]
[WhiteElo "2413"]
[BlackElo "2238"]
[EventDate "2007.04.03"]
[PlyCount "101"]

1.d4 g6 2.c4 Bg7 3.Nf3 d6 4.g3 Nd7 5.Bg2 e5 6.O-O Ne7 7.Nc3 O-O 8.e4 exd4 
9.Nxd4 Nc6 10.Nxc6 bxc6 11.Qc2 Ne5 12.c5 Qf6 13.f4 Nd7 14.Be3 Nxc5 15.Bxc5
dxc5 16.e5 Qe7 17.Bxc6 Bh3 18.Nd5 Qe6 19.Bxa8 Rxa8 20.Nxc7 Qc6 21.Nxa8 
Qxa8 22.Rf2 Bf8 23.Rd1 Be7 24.Qd3 Qc6 25.Qd5 Qa4 26.b3 Qa6 27.Qc4 Qc6 28.
Rd5 Be6 29.Rfd2 Kg7 30.Qe4 Qb7 31.Kg2 h5 32.Qf3 Qb4 33.h3 c4 34.bxc4 Qxc4 
35.Qd3 Qc8 36.Rd7 Bb4 37.Rd1 Bxd7 38.Qxd7 Qc2+ 39.Kf3 Qxa2 40.e6 Qb3+ 41.
Rd3 Qxe6 42.Qd4+ Kh7 43.Qxb4 Qxh3 44.Qb3 Qf1+ 45.Ke4 Qg2+ 46.Ke5 Kg7 47.
Kd6 Qe4 48.Qc3+ Kh7 49.Re3 Qb7 50.Re8 Qb6+ 51.Ke7 1-0

[Event "8th EUR-ch"]
[Site "Dresden GER"]
[Date "2007.04.09"]
[Round "7.160"]
[White "Klokas, Konstantinos"]
[Black "Donchenko, Anatoly"]
[Result "0-1"]
[WhiteElo "2219"]
[BlackElo "2374"]
[EventDate "2007.04.03"]
[PlyCount "42"]

1.e4 c6 2.d4 d5 3.e5 Bf5 4.Nf3 e6 5.Be2 h6 6.Be3 Ne7 7.O-O Bh7 8.Bd3 Bxd3 
9.Qxd3 Nd7 10.Nbd2 Nf5 11.g4 Nxe3 12.fxe3 Be7 13.Ne1 O-O 14.Ng2 Qb6 15.b3 
c5 16.Kh1 Qa6 17.c4 Rad8 18.Qc3 Qc6 19.cxd5 Qxd5 20.Rf3 Nxe5 21.Nf4 cxd4 
0-1

[Event "8th EUR-ch"]
[Site "Dresden GER"]
[Date "2007.04.09"]
[Round "7.161"]
[White "Ringoir, Tanguy"]
[Black "Bakalarz, Mieczyslaw"]
[Result "0-1"]
[WhiteElo "2199"]
[BlackElo "2373"]
[EventDate "2007.04.03"]
[PlyCount "76"]

1.e4 c5 2.Nc3 e6 3.g3 d5 4.exd5 exd5 5.Bg2 Nf6 6.d3 d4 7.Ne4 Nxe4 8.dxe4 
Nc6 9.Ne2 g6 10.Nf4 Bg7 11.h4 h6 12.O-O O-O 13.Nd5 Be6 14.Bf4 Rc8 15.b3 
Kh7 16.Qf3 f5 17.e5 Bxe5 18.Rfe1 Bxd5 19.Qxd5 Bxf4 20.gxf4 Qxd5 21.Bxd5 
Nb4 22.Re7+ Kh8 23.Bc4 Rb8 24.a3 Nxc2 25.Ra2 d3 26.Bxd3 Nd4 27.Bc4 b5 28.
Bf7 Rb6 29.Rxa7 Rf6 30.Bd5 Rd6 31.Bg2 Rc8 32.a4 c4 33.bxc4 bxc4 34.Rb2 c3 
35.Rbb7 Ne6 36.Rh7+ Kg8 37.Rxh6 Nf8 38.h5 c2 0-1

[Event "8th EUR-ch"]
[Site "Dresden GER"]
[Date "2007.04.09"]
[Round "7.163"]
[White "Bruned, Boris"]
[Black "Roos, Michael"]
[Result "1/2-1/2"]
[WhiteElo "2194"]
[BlackElo "2349"]
[EventDate "2007.04.03"]
[PlyCount "37"]

1.e4 c5 2.Nf3 Nc6 3.d4 cxd4 4.Nxd4 Qb6 5.Nb3 Nf6 6.Nc3 e6 7.a3 Qc7 8.Bg5 
Be7 9.f4 h6 10.Bxf6 gxf6 11.Qd2 a6 12.O-O-O b5 13.Kb1 Bb7 14.Nd5 exd5 15.
exd5 Qd6 16.dxc6 Qxd2 17.Rxd2 Bxc6 18.Nd4 O-O-O 19.a4 1/2-1/2

[Event "8th EUR-ch"]
[Site "Dresden GER"]
[Date "2007.04.09"]
[Round "7.164"]
[White "Pajeken, Wolfgang"]
[Black "Srienz, Christian"]
[Result "1-0"]
[WhiteElo "2346"]
[BlackElo "2197"]
[EventDate "2007.04.03"]
[PlyCount "123"]

1.Nf3 Nf6 2.c4 c5 3.Nc3 Nc6 4.d4 cxd4 5.Nxd4 e6 6.g3 Qb6 7.Ndb5 Ne5 8.Bf4 
Nfg4 9.e3 Qc6 10.h3 Nf3+ 11.Ke2 Nge5 12.b3 g5 13.Bg2 gxf4 14.exf4 Qb6 15.
fxe5 Nxe5 16.Na4 Qd8 17.Nd6+ Bxd6 18.Qxd6 f6 19.Rad1 Qe7 20.Qd4 O-O 21.
Rhe1 Nc6 22.Qd6 Qxd6 23.Rxd6 e5 24.Nc5 Nd4+ 25.Kf1 Nf5 26.Rdd1 Nd4 27.Nxb7
Rb8 28.Nd6 Ba6 29.Kg1 Rb6 30.c5 Rbb8 31.Rd2 Bb5 32.f4 Bc6 33.fxe5 Bxg2 34.
Kxg2 fxe5 35.Rd3 Nc6 36.Nc4 Rb5 37.Rd5 Nb4 38.Rxd7 Rxc5 39.Rxe5 Rxe5 40.
Nxe5 a6 41.Rd2 Rf5 42.Nc4 a5 43.a3 Na6 44.Rd8+ Kg7 45.Ra8 Nc7 46.Rxa5 Nd5 
47.b4 h5 48.g4 hxg4 49.hxg4 Rf4 50.Rxd5 Rxg4+ 51.Kf3 Rxc4 52.Rd3 Kf6 53.
Ke3 Ke6 54.Kd2 Rc8 55.Rc3 Ra8 56.Rd3 Rc8 57.Rc3 Ra8 58.Kc2 Kd6 59.Kb3 Rh8 
60.b5 Rh4 61.Rc4 Rh8 62.Kb4 1-0

[Event "8th EUR-ch"]
[Site "Dresden GER"]
[Date "2007.04.09"]
[Round "7.166"]
[White "Buchal, Stephan"]
[Black "Janda, Zdenek"]
[Result "1-0"]
[WhiteElo "2330"]
[BlackElo "2182"]
[EventDate "2007.04.03"]
[PlyCount "73"]

1.e4 g6 2.d4 d6 3.Nc3 c6 4.Be3 Nf6 5.h3 Nbd7 6.f4 Qb6 7.Qd2 Bg7 8.Bd3 O-O 
9.e5 Nd5 10.Nxd5 cxd5 11.Nf3 Qc7 12.h4 Nb6 13.b3 h5 14.O-O Bg4 15.Nh2 Qc8 
16.Nxg4 Qxg4 17.c3 Rac8 18.Rf3 Nd7 19.Raf1 Kh7 20.Qe1 dxe5 21.fxe5 Bxe5 
22.dxe5 Nxe5 23.Bd4 Nxf3+ 24.Rxf3 Rce8 25.Rg3 Qxh4 26.Qe5 Rg8 27.Rh3 f6 
28.Rxh4 fxe5 29.Rxh5+ Kg7 30.Rxe5 Kf7 31.Rxd5 e6 32.Rd7+ Re7 33.Rxe7+ Kxe7
34.Bxa7 Kd6 35.a4 Kd5 36.Kf2 e5 37.Bc4+ 1-0

[Event "8th EUR-ch"]
[Site "Dresden GER"]
[Date "2007.04.09"]
[Round "7.167"]
[White "Michalczak, Thomas"]
[Black "Windelband, Jens"]
[Result "1-0"]
[WhiteElo "2325"]
[BlackElo "2181"]
[EventDate "2007.04.03"]
[PlyCount "83"]

1.e4 e6 2.d4 d5 3.Nc3 Nf6 4.e5 Nfd7 5.f4 c5 6.Nf3 Nc6 7.Be3 cxd4 8.Nxd4 
Bc5 9.Qd2 O-O 10.O-O-O a6 11.Nb3 Bb4 12.h4 b5 13.h5 f6 14.a3 Bxc3 15.Qxc3 
Bb7 16.h6 g6 17.exf6 Qxf6 18.Qxf6 Nxf6 19.Nc5 Rf7 20.g3 Re8 21.Bh3 Bc8 22.
Rhe1 Rc7 23.b4 a5 24.c3 axb4 25.axb4 e5 26.fxe5 Bxh3 27.exf6 Bg2 28.Bf4 
Rcc8 29.Ne6 Nd8 30.Nc7 Rxe1 31.Rxe1 Be4 32.Nxb5 Nf7 33.Kd2 Ra8 34.Nd6 g5 
35.Nxe4 gxf4 36.Nc5 Ra2+ 37.Kd3 Nd6 38.gxf4 Kf7 39.Re7+ Kg8 40.Rg7+ Kf8 
41.Ne6+ Ke8 42.Re7# 1-0

[Event "8th EUR-ch"]
[Site "Dresden GER"]
[Date "2007.04.09"]
[Round "7.170"]
[White "Sondermann, Johannes"]
[Black "Kersten, Uwe"]
[Result "0-1"]
[WhiteElo "2173"]
[BlackElo "2292"]
[EventDate "2007.04.03"]
[PlyCount "87"]

1.e4 e6 2.d4 d5 3.Nc3 Nc6 4.Nf3 Nf6 5.Bg5 Be7 6.e5 Ne4 7.Bxe7 Qxe7 8.a3 
Bd7 9.Bd3 Ng5 10.Be2 Nxf3+ 11.Bxf3 O-O-O 12.O-O f6 13.exf6 Qxf6 14.Ne2 g5 
15.c3 h5 16.Nc1 g4 17.Be2 e5 18.dxe5 Nxe5 19.Qd4 Qg5 20.Qxa7 Bc6 21.Qe3 
Qg7 22.Qd4 Qg5 23.Qe3 Qg7 24.Qd4 Qg5 25.Kh1 Rde8 26.Nd3 Ng6 27.f4 Qf5 28.
Rae1 Kb8 29.Nb4 Qd7 30.Nxc6+ Qxc6 31.Bd3 Rxe1 32.Rxe1 Rf8 33.f5 Nh8 34.Re6
Qd7 35.Qe5 Nf7 36.Qf6 Qc8 37.Qg6 Nd6 38.Qxh5 Ne4 39.Bxe4 Qxe6 40.h3 Qxe4 
41.hxg4 Qe5 42.f6 Qxf6 43.Kg1 d4 44.Qc5 0-1

[Event "8th EUR-ch"]
[Site "Dresden GER"]
[Date "2007.04.09"]
[Round "7.171"]
[White "Minescu, Dragos-Olivar"]
[Black "Koepke, Christian"]
[Result "1/2-1/2"]
[WhiteElo "2152"]
[BlackElo "2290"]
[EventDate "2007.04.03"]
[PlyCount "85"]

1.c4 c5 2.Nc3 g6 3.g3 Bg7 4.Bg2 Nc6 5.d3 d6 6.e4 e5 7.Nge2 Nge7 8.O-O O-O 
9.a3 a6 10.Rb1 Rb8 11.b4 cxb4 12.axb4 b5 13.cxb5 axb5 14.h3 Be6 15.Nd5 f5 
16.f4 Qd7 17.Kh2 Kh8 18.Be3 Bg8 19.Nxe7 Nxe7 20.d4 exf4 21.Nxf4 Bc4 22.Re1
fxe4 23.d5 Rxf4 24.Bxf4 Nxd5 25.Bxe4 Nxf4 26.gxf4 d5 27.Bd3 Qc7 28.Rf1 Rf8
29.Bxc4 Rxf4 30.Kh1 dxc4 31.Rxf4 Qxf4 32.Qd8+ Bf8 33.Kg2 Qe4+ 34.Kh2 Kg7 
35.Rf1 Bxb4 36.Qd7+ Kh6 37.Rf7 Qe2+ 38.Kh1 Qe1+ 39.Kg2 Qe3 40.Kf1 Qe1+ 41.
Kg2 Qe4+ 42.Kf1 Qe1+ 43.Kg2 1/2-1/2

[Event "8th EUR-ch"]
[Site "Dresden GER"]
[Date "2007.04.09"]
[Round "7.172"]
[White "Schiefner, Ray"]
[Black "Eichner, Sebastian"]
[Result "0-1"]
[WhiteElo "2047"]
[BlackElo "2286"]
[EventDate "2007.04.03"]
[PlyCount "82"]

1.c4 Nf6 2.g3 e6 3.Bg2 d5 4.Nf3 c6 5.O-O Be7 6.b3 O-O 7.Bb2 a5 8.a4 Na6 9.
e3 Qb6 10.Na3 Nc5 11.Bxf6 Bxf6 12.d4 Ne4 13.Nd2 Nxd2 14.Qxd2 e5 15.c5 Qc7 
16.Rfc1 exd4 17.exd4 Re8 18.Nc2 h5 19.h4 Bf5 20.Ne3 Be4 21.f3 Qxg3 22.fxe4
Rxe4 23.Nf5 Qg4 24.Ne3 Rxe3 25.Qxe3 Bxd4 26.Re1 Bxe3+ 27.Rxe3 Qd4 28.Re1 
Re8 29.Kf2 f5 30.Kf3 Qg4+ 31.Kf2 Qxh4+ 32.Kf1 Qf4+ 33.Rf3 Rxe1+ 34.Kxe1 
Qc1+ 35.Kf2 Qxc5+ 36.Kg3 Qd6+ 37.Kf2 f4 38.Bh3 g5 39.Bf5 g4 40.Rd3 Qc5+ 
41.Kg2 Qc2+ 0-1

[Event "8th EUR-ch"]
[Site "Dresden GER"]
[Date "2007.04.09"]
[Round "7.173"]
[White "Grant, Jonathan"]
[Black "Kuehner, Christian"]
[Result "1-0"]
[WhiteElo "2283"]
[BlackElo "2135"]
[EventDate "2007.04.03"]
[PlyCount "59"]

1.c4 c5 2.Nc3 Nc6 3.g3 g6 4.Bg2 Bg7 5.e4 e6 6.Nge2 Nge7 7.O-O O-O 8.d3 d6 
9.Be3 Nd4 10.Rb1 Nec6 11.a3 a5 12.Nb5 Nxb5 13.cxb5 Nd4 14.Nxd4 cxd4 15.Bd2
b6 16.b4 a4 17.e5 d5 18.Re1 Qd7 19.Qg4 f6 20.exf6 Bxf6 21.Bh6 Rf7 22.Rbc1 
Qxb5 23.Rxc8+ Rxc8 24.Qxe6 Qd7 25.Bxd5 Qxe6 26.Bxe6 Re8 27.Bxf7+ Kxf7 28.
Rxe8 Kxe8 29.Kg2 g5 30.f4 1-0

[Event "8th EUR-ch"]
[Site "Dresden GER"]
[Date "2007.04.09"]
[Round "7.174"]
[White "Luechtemeier, Peter"]
[Black "Hutchinson, Norman"]
[Result "1-0"]
[WhiteElo "2270"]
[BlackElo "2087"]
[EventDate "2007.04.03"]
[PlyCount "71"]

1.d4 Nf6 2.c4 e6 3.Nf3 b6 4.g3 Ba6 5.Qc2 c5 6.d5 exd5 7.cxd5 Bb7 8.Bg2 
Nxd5 9.O-O Nc6 10.a3 Be7 11.Rd1 Nf6 12.Nc3 Qc8 13.Bf4 a6 14.e4 d6 15.Bxd6 
Bxd6 16.Rxd6 Qc7 17.Rad1 Rd8 18.e5 Ng4 19.h3 Ngxe5 20.Rxd8+ Nxd8 21.Nxe5 
Bxg2 22.Qe2 Bb7 23.Nd5 Bxd5 24.Rxd5 O-O 25.Nd7 Ne6 26.Nxf8 Kxf8 27.Qxa6 
Qc6 28.Qd3 Nd4 29.Qe4 Qf6 30.Kg2 g6 31.Qf4 Qe6 32.Qd6+ Qe7 33.Qb8+ Kg7 34.
Qe5+ Qxe5 35.Rxe5 Kf6 36.Re8 1-0

[Event "8th EUR-ch"]
[Site "Dresden GER"]
[Date "2007.04.09"]
[Round "7.176"]
[White "Kaphle, Stephan"]
[Black "Loew, Gerald"]
[Result "1/2-1/2"]
[WhiteElo "2151"]
[BlackElo "2285"]
[EventDate "2007.04.03"]
[PlyCount "86"]

1.e4 c5 2.Nf3 g6 3.d4 cxd4 4.Nxd4 Bg7 5.c4 Nc6 6.Be3 Nf6 7.Nc3 b6 8.Be2 
Bb7 9.O-O O-O 10.f3 Qb8 11.Nxc6 dxc6 12.c5 Qc7 13.Qc2 Nd7 14.Na4 b5 15.Nc3
e5 16.Rad1 Rfd8 17.Rfe1 Nf8 18.Bf1 Ne6 19.Ne2 a5 20.a3 a4 21.g3 Rxd1 22.
Rxd1 Rd8 23.b4 axb3 24.Qxb3 Rxd1 25.Qxd1 Bf8 26.Qc2 Qe7 27.a4 bxa4 28.Qxa4
Nxc5 29.Qb4 Ne6 30.Qc3 Qa3 31.Bd2 Bc5+ 32.Kg2 Qxc3 33.Bxc3 f6 34.f4 Bd6 
35.Kf3 c5 36.Nc1 Nd4+ 37.Ke3 f5 38.Bc4+ Kf8 39.fxe5 Bxe5 40.Nd3 Nc2+ 41.
Kd2 Bxc3+ 42.Kxc3 Ne3 43.exf5 Nxf5 1/2-1/2

[Event "8th EUR-ch"]
[Site "Dresden GER"]
[Date "2007.04.09"]
[Round "7.178"]
[White "Makoli, Perparim"]
[Black "Gnirk, Torsten"]
[Result "1-0"]
[WhiteElo "2245"]
[BlackElo "2131"]
[EventDate "2007.04.03"]
[PlyCount "53"]

1.e4 c5 2.Nf3 e6 3.d4 cxd4 4.Nxd4 a6 5.Bd3 Bc5 6.Nb3 Ba7 7.Qe2 Nc6 8.c4 d6
9.Nc3 Qh4 10.Be3 Nf6 11.g3 Qh3 12.Bxa7 Rxa7 13.O-O-O O-O 14.f4 e5 15.f5 
Rd8 16.Qf2 Ra8 17.Kb1 b5 18.cxb5 axb5 19.Bxb5 Bb7 20.Qb6 Nd4 21.Nxd4 Nxe4 
22.Qxb7 Nxc3+ 23.bxc3 exd4 24.Rxd4 Qxf5+ 25.Bd3 Qa5 26.Qb3 Re8 27.Rf1 1-0